00830nam a22002417a 450000500170000001000130001702000100003003500130004003700160005304000120006908200160008110000280009724500750012526000540020027000450025430000250029950000490032465000190037365000290039294200250042199900190044695201230046520170124110159.0 aA-257506 c00.00 aA-257506 bCen Lib/Ret aDPLbEN a181.43bSEN aSen, Anima Gupta935716 aThe evolution of the samkhya school of thought /cby Anima Sen Gupta aNew Delhi bMunshiram Manoharlal Publishersc1986 a54, Rani Jhansi Road bNew Delhie110055 axii,184p. c21cm(Hb) aIncludes bibliographical reference and index aSankhya935717 aPhilosophy, Indic935718 2ddccENh181.43mSEN c132778d132778 00104070aLbLd2015-07-23eCen Lib/Retg0.00l0o181.43 SENpA-257506r2015-07-23 00:00:00t1v0.00w2015-07-23yEN